Modern real estate management

Bibliographic Details
Main Author: Shenkel, William M. (Author)
Format: Book
Language:English
Published: New York : McGraw-Hill 1980
Subjects:

MARC

LEADER 00000cam a2200000 7i4500
001 0000001364
005 20240924.0
008 991125 nyu eng
020 |a 0070565465 
040 |a INS   |b eng   |e rda 
090 0 0 |a HD1394   |b .S53 1980 
100 1 |a Shenkel, William M. ,   |e author 
245 1 0 |a Modern real estate management   |c William M. Shenkel 
264 1 |a New York :   |b McGraw-Hill   |c 1980 
300 |a x, 436 pages ;   |c 24 cm. 
336 |a text  |2 rdacontent 
337 |a unmediated  |2 rdamedia 
338 |a volume  |2 rdacarrier 
504 |a Includes bibliographical references and index 
650 0 |a Real estate management 
999 |a 0000000864   |b BOOK   |c Open Shelf   |e Default branch